000 01105nam a22002057a 4500
999 _c63461
_d63461
003 Ge_BSU
005 20251015141906.0
008 251015s2001 ge ||||| |||| 00| 0 geo d
020 _a9992881151
041 _ageo
080 _a33(063) ს-32
245 _aშრომები :
_bტ. 2 /
_cრედაქტორი ლეო ჩაქავარი, როზეტა ასათიანი, ნუგზარ სანთელაძე; საქ. ეკონომიკურ მეცნიერებათა აკადემია.
264 _aთბილისი:
_bსიახლე,
_c2001.
300 _a318 გვ.;
_b20 სმ.
700 _aჩაქავარი, ლეო
_eრედაქტორი
_926025
700 _aასათიანი, როზეტა
_eრედაქტორი
_926026
700 _aსანთელაძე, ნუგზარ
_eრედაქტორი
_925019
710 _aსაქ. ეკონომიკურ მეცნიერებათა აკადემია.
_926027
942 _2udc
_cᲬᲘᲒᲜᲘ